| 000 | 00459nam a2200181 a 4500 | ||
|---|---|---|---|
| 001 | 9349 | ||
| 003 | CO-ViMGA | ||
| 008 | 141112s2004 ck r 000 u spa d | ||
| 040 |
_aCO-ViMGA _bspa _cCO-ViMGA |
||
| 082 | _aR510.3 D545 | ||
| 245 | 1 | 0 | _aDiccionario de matemáticas |
| 260 |
_aBogotá : _bNorma, _c1982 |
||
| 300 | _a215p. : il. | ||
| 500 | _aColección llave de la ciencia.. | ||
| 650 | 1 | 4 | _aDICCIONARIO |
| 650 | 1 | 4 | _aMATEMATICAS |
| 942 |
_2ddc _cBK |
||
| 999 |
_c10721 _d10721 |
||